History Quiz

Random History or Africa Quiz

Who's That With Nelson Mandela? Quiz Stats

 Plays Quiz Updated Jul 18, 2018

Challenge
Share
Tweet
Score 0/25 Timer 10:00
1 Play Today
% Correct
Bill Clinton
98.9%
George W. Bush
97.7%
Michelle Obama
97%
Michael Jackson
96.9%
Muhammad Ali
94.8%
Margaret Thatcher
93.9%
Morgan Freeman
93.4%
Bono
93.1%
The Spice Girls
92.4%
Charles, Prince of Wales
91.9%
Bill Gates
89.4%
David Beckham
89.3%
Stevie Wonder
84%
% Correct
Pope John Paul II
83.4%
Dalai Lama
79.7%
Fidel Castro
75.9%
Jimmy Carter
73.2%
Desmond Tutu
65.4%
Charlize Theron
65%
Sidney Poitier
50.6%
Robert Mugabe
42.1%
Winnie Mandela
37.8%
Frederik de Klerk
20%
Helmut Kohl
19%
Shimon Peres
13.8%

You're not logged in!

Compare scores with friends on all Sporcle quizzes.
Join for Free
OR
Log In

You Might Also Like...

Show Comments

Extras

Top Quizzes Today


Score Distribution

Your Account Isn't Verified!

In order to create a playlist on Sporcle, you need to verify the email address you used during registration. Go to your Sporcle Settings to finish the process.

Report this User

Report this user for behavior that violates our Community Guidelines.

Details: